000 01017nam a22003257a 4500
001 BR0304511
003 BR-BrBNA
005 20230928101359.0
007 ta
008 230509b bl.||||| |||| 00| 0 por d
040 _aBR-BrBNA
_bpor
_cBiblioteca Nacional de Agricultura
041 _a(Por)
072 _aP33
090 _ P33 BR0304511
100 1 _aMacedo, J.R. de
110 1 _aCentro de Energia Nuclear na Agricultura, Piracicaba, SP (Brasil)
_0Tese (Doutor em Ciências)
245 1 _aSelamento superficial e atributos físicos e hídricos em solo tratado com lodo de esgoto
260 3 _aPiracicaba, SP (Brasil):
_c2002.
300 _a87 p.
500 _aSummaries (Eng, Por); Bibliography p. 78-87; 21 illus.; 7 tables
650 _aSOLO
650 _aCOMPACTAÇÃO DO SOLO
650 _aLATOSSOLO VERMELHO
650 _aRAIO GAMA
650 _aCONDUTIVIDADE HIDRAÚLICA
650 _aLODO RESIDUAL
650 _aREDE DE ESGOTO
909 _a202309
_bLucia
_c55
_dLucia Elande
942 _cBK
999 _c65537
_d65537